MARC

LEADER 00000nam0a2200000 4500
001 93224
005 20231031105109.0
035 |a (RuTPU)RU\TPU\book\99833 
035 |a RU\TPU\book\67369 
090 |a 93224 
100 |a 20060327d1976 k y0rusy50 ca 
101 0 |a rus 
102 |a RU 
105 |a a z 001zy 
200 1 |a Астрономическая навигация пилотируемых космических кораблей  |f Н. Ф. Романтеев, Е. В. Хрунов 
210 |a Москва  |c Машиностроение  |d 1976 
215 |a 232 с.  |c ил. 
610 1 |a космические корабли 
610 1 |a навигация 
610 1 |a астронавигация 
610 1 |a оптические приборы 
610 1 |a навигационные расчеты 
610 1 |a космонавты 
610 1 |a космические полеты 
610 1 |a эффективность 
675 |a 629.785  |v 3 
700 1 |a Романтеев  |b Н. Ф.  |g Николай Федорович 
701 1 |a Хрунов  |b Е. В.  |g Евгений Васильевич 
801 1 |a RU  |b 63413507  |c 20040513  |g PSBO 
801 2 |a RU  |b 63413507  |c 20070605  |g PSBO 
942 |c BK